| 000 | 00000nam##2200000za#4500 |
| 001 | 9.700293 |
| 003 | CaOODSP |
| 005 | 20210625000754 |
| 007 | cr ||||||||||| |
| 008 | 150407|1980||||xxc|||||o f|0| 0 eng|d |
| 040 | |aCaOODSP|beng |
| 043 | |an-cn--- |
| 086 | 1 |aA53-1687/1980E-PDF |
| 110 | 1 |aCanada.|bAgriculture Canada. |bInformation Services. |
| 245 | 10|aSunflower seed crops / |h[electronic resource]|c[by] Walter Dedio
[et al.]. |
| 250 | |aReprinted 1981 |
| 260 | |aOttawa - Ontario : |bAgriculture Canada. |c1980. |
| 300 | |a32p.|bcoloured illus., figs. |
| 500 | |aHistorical publication digitized by Agriculture and Agri-Food Canada. |
| 590 | |a15-02-Supp|b2015-02-16 |
| 690 | 07|aGardening|2gcpds |
| 690 | 07|aNorthern Canada|2gcpds |
| 720 | 1 |aDedio, Walter |
| 775 | 08|tLa production de grains de tournesol / |w(CaOODSP)9.644191 |
| 856 | 40|ahttp://publications.gc.ca|qPDF|s2740 KB|uhttps://publications.gc.ca/collections/collection_2015/aac-aafc/A53-1687-1980-eng.pdf |
| 986 | |aPublication 1687 |